Normal view
MARC view
- Bivens, Irl Davis, Stephen
Entry Corporate Name
001 - CONTROL NUMBER
- control field: 113900
003 - CONTROL NUMBER IDENTIFIER
- control field: NUST
005 - DATE AND TIME OF LATEST TRANSACTION
- control field: 20230802140345.0
008 - FIXED-LENGTH DATA ELEMENTS
- fixed length control field: 230802|| aca||aabn | a|a d
040 ## - CATALOGING SOURCE
- Original cataloging agency: NUST
- Transcribing agency: NUST
110 ## - HEADING--CORPORATE NAME
- Corporate name or jurisdiction name as entry element: Bivens, Irl Davis, Stephen
670 ## - SOURCE DATA FOUND
- Source citation: Work cat.: (NUST): Anton, Howard 8661, Anton's Calculus: , 2016.
